Statistics for Draw All Country Borders on the Empty World Map

Click here to take the quiz!

General Stats

  • This quiz has been taken 4,270 times
  • The average score is 179 of 317

Answers on the Map

Answers color-coded by a green-red scale on the quiz's map according to % correct below.
Loading ...
 

Answer Stats

LABBordering Countries% Correct
8893CanadaUnited StatesCanada-United States
90%
3141MexicoUnited StatesMexico-United States
88%
3645ChinaRussiaChina-Russia
81%
623FranceSpainFrance-Spain
80%
1619NorwaySwedenNorway-Sweden
78%
1214PortugalSpainPortugal-Spain
77%
451FranceGermanyFrance-Germany
77%
456GermanyPolandGermany-Poland
76%
1340FinlandRussiaFinland-Russia
76%
1576RussiaUkraineRussia-Ukraine
76%
3485MongoliaRussiaMongolia-Russia
76%
360IrelandUnited KingdomIreland-United Kingdom
75%
6846KazakhstanRussiaKazakhstan-Russia
75%
614FinlandSwedenFinland-Sweden
75%
68DenmarkGermanyDenmark-Germany
74%
5300ArgentinaChileArgentina-Chile
74%
4677ChinaMongoliaChina-Mongolia
73%
1224ArgentinaBrazilArgentina-Brazil
72%
238North KoreaSouth KoreaNorth Korea-South Korea
72%
3380ChinaIndiaChina-India
72%
2912IndiaPakistanIndia-Pakistan
72%
294EstoniaRussiaEstonia-Russia
70%
488FranceItalyFrance-Italy
70%
620BelgiumFranceBelgium-France
70%
1458IranIraqIran-Iraq
70%
784AustriaGermanyAustria-Germany
70%
740ItalySwitzerlandItaly-Switzerland
69%
959BelarusRussiaBelarus-Russia
69%
962GuatemalaMexicoGuatemala-Mexico
69%
1115EgyptLibyaEgypt-Libya
69%
577GermanyNetherlandsGermany-Netherlands
69%
985BrazilUruguayBrazil-Uruguay
68%
2050ColombiaVenezuelaColombia-Venezuela
68%
217LatviaRussiaLatvia-Russia
68%
4053BangladeshIndiaBangladesh-India
67%
1290BrazilParaguayBrazil-Paraguay
67%
334GermanySwitzerlandGermany-Switzerland
67%
573FranceSwitzerlandFrance-Switzerland
67%
1690IndiaNepalIndia-Nepal
67%
3400BoliviaBrazilBolivia-Brazil
67%
1458Saudi ArabiaYemenSaudi Arabia-Yemen
66%
1416ChinaNorth KoreaChina-North Korea
66%
225ColombiaPanamaColombia-Panama
66%
1560BrazilPeruBrazil-Peru
66%
1601AlgeriaMoroccoAlgeria-Morocco
66%
2430AfghanistanPakistanAfghanistan-Pakistan
66%
1236ChinaNepalChina-Nepal
66%
3.2ItalyVatican CityItaly-Vatican City
66%
450BelgiumNetherlandsBelgium-Netherlands
66%
676OmanSaudi ArabiaOman-Saudi Arabia
65%
330Costa RicaPanamaCosta Rica-Panama
65%
2200BrazilVenezuelaBrazil-Venezuela
65%
2130LaosVietnamLaos-Vietnam
65%
1273EgyptSudanEgypt-Sudan
65%
1937South SudanSudanSouth Sudan-Sudan
65%
1281ChinaVietnamChina-Vietnam
65%
1643BrazilColombiaBrazil-Colombia
65%
815Czech RepublicGermanyCzech Republic-Germany
65%
39ItalySan MarinoItaly-San Marino
64%
723GeorgiaRussiaGeorgia-Russia
64%
63.7AndorraSpainAndorra-Spain
64%
4.4FranceMonacoFrance-Monaco
64%
56.6AndorraFranceAndorra-France
64%
339EstoniaLatviaEstonia-Latvia
64%
597BrazilSurinameBrazil-Suriname
64%
1420EcuadorPeruEcuador-Peru
64%
579ArgentinaUruguayArgentina-Uruguay
64%
160ChilePeruChile-Peru
64%
982AlgeriaLibyaAlgeria-Libya
64%
608BulgariaRomaniaBulgaria-Romania
63%
453LatviaLithuaniaLatvia-Lithuania
63%
590ColombiaEcuadorColombia-Ecuador
63%
430AustriaItalyAustria-Italy
63%
206GreeceTurkeyGreece-Turkey
63%
366AustriaHungaryAustria-Hungary
63%
227LithuaniaRussiaLithuania-Russia
63%
1880ArgentinaParaguayArgentina-Paraguay
63%
1800MyanmarThailandMyanmar-Thailand
63%
900BoliviaPeruBolivia-Peru
63%
965AlgeriaTunisiaAlgeria-Tunisia
63%
407BelarusPolandBelarus-Poland
62%
1497NigerNigeriaNiger-Nigeria
62%
167BelgiumGermanyBelgium-Germany
62%
1119BrazilGuyanaBrazil-Guyana
62%
206PolandRussiaPoland-Russia
62%
822SyriaTurkeySyria-Turkey
62%
215Czech RepublicSlovakiaCzech Republic-Slovakia
62%
891BelarusUkraineBelarus-Ukraine
62%
232ItalySloveniaItaly-Slovenia
62%
658Czech RepublicPolandCzech Republic-Poland
62%
932Bosnia and HerzegovinaCroatiaBosnia and Herzegovina-Croatia
61%
861BoliviaChileBolivia-Chile
61%
2203KazakhstanUzbekistanKazakhstan-Uzbekistan
61%
736FinlandNorwayFinland-Norway
61%
1533ChinaKazakhstanChina-Kazakhstan
61%
335IsraelJordanIsrael-Jordan
61%
138GermanyLuxembourgGermany-Luxembourg
61%
909LesothoSouth AfricaLesotho-South Africa
61%
605BhutanIndiaBhutan-India
61%
670CroatiaSloveniaCroatia-Slovenia
61%
936AfghanistanIranAfghanistan-Iran
61%
1228CambodiaVietnamCambodia-Vietnam
60%
470BhutanChinaBhutan-China
60%
531RomaniaUkraineRomania-Ukraine
60%
459LibyaTunisiaLibya-Tunisia
60%
677HungarySlovakiaHungary-Slovakia
60%
803CambodiaThailandCambodia-Thailand
60%
939MoldovaUkraineMoldova-Ukraine
60%
600GuyanaSurinameGuyana-Suriname
60%
2185ChinaMyanmarChina-Myanmar
60%
922HondurasNicaraguaHonduras-Nicaragua
60%
526PolandUkrainePoland-Ukraine
60%
302Bosnia and HerzegovinaSerbiaBosnia and Herzegovina-Serbia
60%
309Costa RicaNicaraguaCosta Rica-Nicaragua
60%
73FranceLuxembourgFrance-Luxembourg
60%
277EgyptIsraelEgypt-Israel
60%
246GreeceMacedoniaGreece-Macedonia
60%
148BelgiumLuxembourgBelgium-Luxembourg
59%
457Saudi ArabiaUnited Arab EmiratesSaudi Arabia-United Arab Emirates
59%
832ArgentinaBoliviaArgentina-Bolivia
59%
164AustriaSwitzerlandAustria-Switzerland
59%
362AustriaCzech RepublicAustria-Czech Republic
59%
450MoldovaRomaniaMoldova-Romania
59%
444PolandSlovakiaPoland-Slovakia
59%
750BoliviaParaguayBolivia-Paraguay
59%
423ChinaLaosChina-Laos
59%
250BelizeMexicoBelize-Mexico
59%
1600EthiopiaSomaliaEthiopia-Somalia
59%
1754LaosThailandLaos-Thailand
59%
1782IndonesiaMalaysiaIndonesia-Malaysia
59%
282AlbaniaGreeceAlbania-Greece
59%
288OmanYemenOman-Yemen
59%
196NorwayRussiaNorway-Russia
59%
967NamibiaSouth AfricaNamibia-South Africa
58%
1496ColombiaPeruColombia-Peru
58%
494BulgariaGreeceBulgaria-Greece
58%
352KosovoSerbiaKosovo-Serbia
58%
241CroatiaSerbiaCroatia-Serbia
58%
60QatarSaudi ArabiaQatar-Saudi Arabia
58%
541CambodiaLaosCambodia-Laos
58%
743GuyanaVenezuelaGuyana-Venezuela
57%
523ChinaPakistanChina-Pakistan
57%
360Dominican RepublicHaitiDominican Republic-Haiti
57%
1175ChadNigerChad-Niger
57%
164ArmeniaGeorgiaArmenia-Georgia
57%
1360ChadSudanChad-Sudan
57%
41LiechtensteinSwitzerlandLiechtenstein-Switzerland
57%
443HungaryRomaniaHungary-Romania
57%
1561MauritaniaMoroccoMauritania-Morocco
57%
1055ChadLibyaChad-Libya
57%
1621TurkmenistanUzbekistanTurkmenistan-Uzbekistan
56%
605IraqSyriaIraq-Syria
56%
2237MaliMauritaniaMali-Mauritania
56%
79IsraelLebanonIsrael-Lebanon
56%
91LithuaniaPolandLithuania-Poland
56%
912EritreaEthiopiaEritrea-Ethiopia
56%
673BrazilFranceBrazil-France
56%
266BelizeGuatemalaBelize-Guatemala
56%
256GuatemalaHondurasGuatemala-Honduras
56%
1376AngolaNamibiaAngola-Namibia
56%
1376AlgeriaMaliAlgeria-Mali
56%
787ArmeniaAzerbaijanArmenia-Azerbaijan
56%
814IraqSaudi ArabiaIraq-Saudi Arabia
56%
1577Central African RepublicDemocratic Republic of the CongoCentral African Republic-Democratic Republic of the Congo
56%
820IndonesiaPapua New GuineaIndonesia-Papua New Guinea
56%
375LebanonSyriaLebanon-Syria
56%
502BelarusLithuaniaBelarus-Lithuania
56%
342El SalvadorHondurasEl Salvador-Honduras
55%
330AustriaSloveniaAustria-Slovenia
55%
476RomaniaSerbiaRomania-Serbia
55%
506MalaysiaThailandMalaysia-Thailand
55%
1840BotswanaSouth AfricaBotswana-South Africa
55%
91AustriaSlovakiaAustria-Slovakia
55%
203El SalvadorGuatemalaEl Salvador-Guatemala
55%
284AzerbaijanRussiaAzerbaijan-Russia
55%
744JordanSaudi ArabiaJordan-Saudi Arabia
55%
19North KoreaRussiaNorth Korea-Russia
55%
151HungarySerbiaHungary-Serbia
55%
858ChinaKyrgyzstanChina-Kyrgyzstan
54%
124MontenegroSerbiaMontenegro-Serbia
54%
1051KazakhstanKyrgyzstanKazakhstan-Kyrgyzstan
54%
35AustriaLiechtensteinAustria-Liechtenstein
54%
414ChinaTajikistanChina-Tajikistan
54%
240IraqKuwaitIraq-Kuwait
54%
821MaliNigerMali-Niger
54%
2410Democratic Republic of the CongoRepublic of the CongoDemocratic Republic of the Congo-Republic of the Congo
54%
268ArmeniaTurkeyArmenia-Turkey
54%
375JordanSyriaJordan-Syria
54%
740GambiaSenegalGambia-Senegal
54%
1463IndiaMyanmarIndia-Myanmar
54%
2511AngolaDemocratic Republic of the CongoAngola-Democratic Republic of the Congo
54%
644BeninTogoBenin-Togo
54%
769KenyaTanzaniaKenya-Tanzania
54%
956AlgeriaNigerAlgeria-Niger
54%
172AlbaniaMontenegroAlbania-Montenegro
54%
151AlbaniaMacedoniaAlbania-Macedonia
53%
103HungaryUkraineHungary-Ukraine
53%
97SlovakiaUkraineSlovakia-Ukraine
53%
430South AfricaSwazilandSouth Africa-Swaziland
53%
909IranPakistanIran-Pakistan
53%
318BulgariaSerbiaBulgaria-Serbia
53%
383LibyaSudanLibya-Sudan
53%
723EthiopiaSudanEthiopia-Sudan
53%
329CroatiaHungaryCroatia-Hungary
53%
467Central African RepublicRepublic of the CongoCentral African Republic-Republic of the Congo
52%
228East TimorIndonesiaEast Timor-Indonesia
52%
491MozambiqueSouth AfricaMozambique-South Africa
52%
499IranTurkeyIran-Turkey
52%
352IraqTurkeyIraq-Turkey
52%
322AzerbaijanGeorgiaAzerbaijan-Georgia
52%
222KuwaitSaudi ArabiaKuwait-Saudi Arabia
52%
141BelarusLatviaBelarus-Latvia
52%
510FranceSurinameFrance-Suriname
52%
883EthiopiaSouth SudanEthiopia-South Sudan
51%
381BruneiMalaysiaBrunei-Malaysia
51%
861EthiopiaKenyaEthiopia-Kenya
51%
266BeninNigerBenin-Niger
51%
463AlgeriaMauritaniaAlgeria-Mauritania
51%
112AlbaniaKosovoAlbania-Kosovo
51%
240BulgariaTurkeyBulgaria-Turkey
51%
225Bosnia and HerzegovinaMontenegroBosnia and Herzegovina-Montenegro
51%
252GeorgiaTurkeyGeorgia-Turkey
51%
992IranTurkmenistanIran-Turkmenistan
51%
354LibyaNigerLibya-Niger
51%
1197Central African RepublicChadCentral African Republic-Chad
51%
744AfghanistanTurkmenistanAfghanistan-Turkmenistan
51%
159KosovoMacedoniaKosovo-Macedonia
50%
225South AfricaZimbabweSouth Africa-Zimbabwe
50%
756MozambiqueTanzaniaMozambique-Tanzania
50%
668Cote d'IvoireGhanaCote d'Ivoire-Ghana
50%
797ZambiaZimbabweZambia-Zimbabwe
50%
682KenyaSomaliaKenya-Somalia
50%
410OmanUnited Arab EmiratesOman-United Arab Emirates
50%
1161TajikistanUzbekistanTajikistan-Uzbekistan
50%
813MauritaniaSenegalMauritania-Senegal
50%
109DjiboutiEritreaDjibouti-Eritrea
50%
877GhanaTogoGhana-Togo
50%
870KyrgyzstanTajikistanKyrgyzstan-Tajikistan
50%
1360BotswanaNamibiaBotswana-Namibia
49%
76AfghanistanChinaAfghanistan-China
49%
62MacedoniaSerbiaMacedonia-Serbia
49%
76IsraelSyriaIsrael-Syria
49%
349DjiboutiEthiopiaDjibouti-Ethiopia
49%
1690CameroonNigeriaCameroon-Nigeria
49%
1206AfghanistanTajikistanAfghanistan-Tajikistan
49%
773BeninNigeriaBenin-Nigeria
49%
386GuineaGuinea-BissauGuinea-Guinea-Bissau
48%
137AfghanistanUzbekistanAfghanistan-Uzbekistan
48%
148BulgariaMacedoniaBulgaria-Macedonia
48%
58DjiboutiSomaliaDjibouti-Somalia
48%
181IraqJordanIraq-Jordan
48%
1930Democratic Republic of the CongoZambiaDemocratic Republic of the Congo-Zambia
48%
201AngolaRepublic of the CongoAngola-Republic of the Congo
48%
933KenyaUgandaKenya-Uganda
48%
765Democratic Republic of the CongoUgandaDemocratic Republic of the Congo-Uganda
48%
682Central African RepublicSouth SudanCentral African Republic-South Sudan
48%
1000Burkina FasoMaliBurkina Faso-Mali
48%
193BangladeshMyanmarBangladesh-Myanmar
48%
483Central African RepublicSudanCentral African Republic-Sudan
48%
813BotswanaZimbabweBotswana-Zimbabwe
47%
330GuineaSenegalGuinea-Senegal
47%
628Burkina FasoNigerBurkina Faso-Niger
47%
235LaosMyanmarLaos-Myanmar
47%
217Democratic Republic of the CongoRwandaDemocratic Republic of the Congo-Rwanda
47%
628Democratic Republic of the CongoSouth SudanDemocratic Republic of the Congo-South Sudan
47%
79KosovoMontenegroKosovo-Montenegro
47%
432AzerbaijanIranAzerbaijan-Iran
47%
549Burkina FasoGhanaBurkina Faso-Ghana
46%
716Cote d'IvoireLiberiaCote d'Ivoire-Liberia
46%
523CameroonRepublic of the CongoCameroon-Republic of the Congo
46%
290BurundiRwandaBurundi-Rwanda
46%
797CameroonCentral African RepublicCameroon-Central African Republic
46%
233BurundiDemocratic Republic of the CongoBurundi-Democratic Republic of the Congo
46%
306LiberiaSierra LeoneLiberia-Sierra Leone
46%
459Democratic Republic of the CongoTanzaniaDemocratic Republic of the Congo-Tanzania
46%
169RwandaUgandaRwanda-Uganda
46%
1094CameroonChadCameroon-Chad
46%
1110AngolaZambiaAngola-Zambia
46%
232KenyaSouth SudanKenya-South Sudan
45%
1903GabonRepublic of the CongoGabon-Republic of the Congo
45%
87ChadNigeriaChad-Nigeria
45%
584Burkina FasoCote d'IvoireBurkina Faso-Cote d'Ivoire
45%
1231MozambiqueZimbabweMozambique-Zimbabwe
45%
605EritreaSudanEritrea-Sudan
45%
1099KyrgyzstanUzbekistanKyrgyzstan-Uzbekistan
45%
102HungarySloveniaHungary-Slovenia
45%
652GuineaSierra LeoneGuinea-Sierra Leone
44%
298CameroonGabonCameroon-Gabon
44%
419MaliSenegalMali-Senegal
44%
1569MalawiMozambiqueMalawi-Mozambique
44%
419MozambiqueZambiaMozambique-Zambia
44%
379KazakhstanTurkmenistanKazakhstan-Turkmenistan
44%
126Burkina FasoTogoBurkina Faso-Togo
44%
306BeninBurkina FasoBenin-Burkina Faso
44%
350Equatorial GuineaGabonEquatorial Guinea-Gabon
44%
396TanzaniaUgandaTanzania-Uganda
43%
858GuineaMaliGuinea-Mali
43%
563GuineaLiberiaGuinea-Liberia
43%
435South SudanUgandaSouth Sudan-Uganda
43%
17MoroccoSpainMorocco-Spain
43%
532Cote d'IvoireMaliCote d'Ivoire-Mali
43%
189CameroonEquatorial GuineaCameroon-Equatorial Guinea
42%
451BurundiTanzaniaBurundi-Tanzania
42%
105MozambiqueSwazilandMozambique-Swaziland
42%
338TanzaniaZambiaTanzania-Zambia
42%
610Cote d'IvoireGuineaCote d'Ivoire-Guinea
41%
475MalawiTanzaniaMalawi-Tanzania
41%
837MalawiZambiaMalawi-Zambia
41%
217RwandaTanzaniaRwanda-Tanzania
41%
35ArmeniaIranArmenia-Iran
40%
25CroatiaMontenegroCroatia-Montenegro
40%
338Guinea-BissauSenegalGuinea-Bissau-Senegal
39%
9AzerbaijanTurkeyAzerbaijan-Turkey
39%
1.2SpainUnited KingdomSpain-United Kingdom
36%
10.2FranceNetherlandsFrance-Netherlands
36%
0.15BotswanaZambiaBotswana-Zambia
35%
233NamibiaZambiaNamibia-Zambia
33%

Score Distribution

Percentile by Number Answered

Percent of People with Each Score

Your Score History

You have not taken this quiz